Integrácia zelených spôsobilostí do výučby účtovníctva na vysokých školách
Článok sa zaoberá možnosťami integrácie zelených spôsobilostí do výučby účtovníctva na vysokých školách. Východiskom je rámec GreenComp Európskej komisie, doplnený o prístupy Medzinárodnej organizácie práce (ILO) a Organizácie Spojených národov pre priemyselný rozvoj (UNIDO), ktoré poukazujú na potr...
Salvato in:
| Autore principale: | |
|---|---|
| Natura: | Capitolo di libro |
| Lingua: | slovacco |
| Soggetti: | |
| Tags: |
Nessun Tag, puoi essere il primo ad aggiungerne!!
|
MARC
| LEADER | 00000naa$a2200000$$$4500 | ||
|---|---|---|---|
| 001 | 0312740 | ||
| 005 | 20251014125020.9 | ||
| 041 | 0 | |a slo | |
| 044 | |a SK | ||
| 245 | 1 | 0 | |a Integrácia zelených spôsobilostí do výučby účtovníctva na vysokých školách |c Zuzana Kudlová |
| 520 | |a Článok sa zaoberá možnosťami integrácie zelených spôsobilostí do výučby účtovníctva na vysokých školách. Východiskom je rámec GreenComp Európskej komisie, doplnený o prístupy Medzinárodnej organizácie práce (ILO) a Organizácie Spojených národov pre priemyselný rozvoj (UNIDO), ktoré poukazujú na potrebu prepojenia technických znalostí s hodnotovými a etickými dimenziami udržateľnosti. Účtovníctvo je prezentované nielen ako technická disciplína, ale aj ako priestor, v ktorom sa môžu rozvíjať kompetencie reflektujúce environmentálne náklady, investície do obnoviteľných zdrojov, daňové stimuly pre ekologické produkty či ESG reporting. | ||
| 610 | 2 | 0 | |a ekonomika zelená |
| 610 | 2 | 0 | |a ESG |
| 610 | 2 | 0 | |a myslenie ekologické |
| 610 | 2 | 0 | |a inteligencia umelá |
| 610 | 2 | 0 | |a vzdelanie |
| 100 | 1 | |a Kudlová, Zuzana, 1986- | |